000 00529nam a2200097Ia 4500
008 170517s9999 xx 000 0 und d
245 _aMy Strange Addiction
300 _aMy Strange Addiction is a TLC documentary television series about people with unusual compulsive behaviors. These range from eating specific non-food items and ritualistic daily activities to bizarre personal fixations or beliefs. Despite the title of the show, few...
650 _xTechnology.
856 _uhttp://topdocumentaryfilms.com/my-strange-addiction/
999 _c335062
_d335062